Naked in Manhattan - Chappell Roan (All Lyrics) - Statistics

General Stats
  • This quiz has been taken 102 times
  • The average score is 353 of 410
Answer Stats
Lyrics % Correct
a
98%
A
98%
I
98%
you
98%
You
98%
in
97%
In
97%
An
95%
it,
95%
it
95%
Manhattan
95%
Manhattan)
95%
me
95%
me,
95%
me)
95%
me?
95%
(Naked
95%
naked
95%
Naked
95%
we
95%
be
94%
to
94%
your
94%
baby,
92%
baby
92%
but
92%
never
92%
on
92%
The
92%
the
92%
touch,
92%
Touch
92%
(Touch
92%
touch
92%
when
92%
When
92%
And
91%
and
91%
Hi,
91%
I've
91%
know
91%
know,
91%
just
89%
want
89%
both
88%
have
88%
lip
88%
can
86%
fine
86%
it's
86%
like
86%
Like
86%
like?
86%
love
86%
mine
86%
So,
86%
So
86%
so
86%
were
86%
we're
86%
Chappell,
85%
crush,
85%
crush
85%
go
85%
hell,
85%
kiss,
85%
lips
85%
of
85%
put
85%
Could
83%
done
83%
Oh,
83%
oh,
83%
oh
83%
probably
83%
that
83%
what
83%
George
82%
girls
82%
Girls,
82%
my
82%
Regina
82%
call
80%
landed
80%
New
80%
time
80%
try
80%
try,
80%
we'll
80%
you're
80%
make
78%
mind
78%
summer
78%
then
78%
who
78%
again
77%
high
77%
knew
77%
line
77%
party
77%
scene
77%
school
77%
sex
77%
slumber
77%
tonight
77%
cross
75%
Don't
75%
don't
75%
drunk
75%
every
75%
getting
75%
million
75%
rush
75%
see
75%
tried
75%
down
74%
is
74%
let's
74%
Mean
74%
night
74%
times
74%
would
74%
Boys
72%
Drive
72%
if
72%
If
72%
kissing
72%
one
72%
suck,
72%
watch
72%
than
71%
I'd
69%
more
69%
that's
69%
things
69%
wanna
69%
friends
68%
from
68%
I'll
68%
York,
68%
away
66%
busy
66%
inch
66%
pushed
66%
all
65%
cream
65%
ice
65%
cinematic
63%
Constant
63%
cry
62%
cicadas
60%
makes
60%
gloss
58%
Lana
58%
song,
58%
Chanel
55%
Mulholland
55%
sing
55%
aligned?
52%
French
52%
loss
51%
rings
48%
Won't
45%
peach
42%
Bedazzled
40%
criss-cross
40%
fucking
40%
Pisces,
40%
Hair
37%
sitting
34%
clips
32%
naken
8%
No matching quizzes found
Score Distribution
Percent of People with Each Score
Percentile by Number Answered
Your Score History
You have not taken this quiz